Ensayo. : Educación y (des)memoria. De una vez por todas... ûdemos la espalda al pasado! /

El presente ensayo es una reflexión acerca del crítico "estado de la cuestión" en que se encuentra el ejercicio de la memoria histórica, personal y colectiva, tanto dentro como fuera del ámbito escolar formal, en la sociedad ad portas del tercer milenio, en el contexto de la avasalladora y problemát...

Descripción completa

Detalles Bibliográficos
Autor principal: Riquelme M., Sergio
Formato: Analitica de revista
Lenguaje:español
Publicado: Santiago, Chile Pontificia Universidad Católica de Chile 2001

MARC

LEADER 00000cab a2200000 a 4500
001 036440
003 UAHC_CL
005 20170803124004.0
008 030922s1994 cl f 000 spa
040 |a UAHC_CL  |c UAHC_CL  |d UAHC_CL 
100 1 |a Riquelme M., Sergio 
245 1 0 |a Ensayo. :  |b Educación y (des)memoria. De una vez por todas... ûdemos la espalda al pasado! /  |c Sergio Riquelme M. 
260 |b Pontificia Universidad Católica de Chile  |c 2001  |a Santiago, Chile 
300 |a p. 199-225 
500 |a En: Pensamiento educativo, nû28, 2001. p.199-225. ISSN 07171013. 
500 |a En: Pensamiento educativo, n°28, 2001. p.199-225. ISSN 07171013. 
500 |a En: Pensamiento educativo, nç28, 2001. p.199-225. ISSN 07171013. 
520 |a El presente ensayo es una reflexión acerca del crítico "estado de la cuestión" en que se encuentra el ejercicio de la memoria histórica, personal y colectiva, tanto dentro como fuera del ámbito escolar formal, en la sociedad ad portas del tercer milenio, en el contexto de la avasalladora y problemática globalización del ethos occidental.\Desde la constatación de la perdida de los lazos orgánicos de las cuales generaciones, con un pasado que ha dejado de ser "su propio tiempo pasado" en un escenario sociocultural fundado, tanto en formas de memoria fosilizada al servicio de la voluntad de dominios de la Modernidad como en una preterofobia que estimula un presentismo acritico, se invita a articular una memoria que se caracteriza como pascual y consideraba, esto es, un recordar significativo y respetuoso de la alteridad pasada y presente, capaz de sensibilizar a los sujetos, acerca de su particularidad y problemático "nuestro tiempo", en orden a la toma de conciencia por parte de los mismos, de la viabilidad de intervenirlo a la luz de la experiencia de los propios muertos. 
520 |a El presente ensayo es una reflexión acerca del crítico "estado de la cuestión" en que se encuentra el ejercicio de la memoria histórica, personal y colectiva, tanto dentro como fuera del ámbito escolar formal, en la sociedad ad portas del tercer milenio, en el contexto de la avasalladora y problemática globalización del ethos occidental.\Desde la constatación de la perdida de los lazos orgánicos de las cuales generaciones, con un pasado que ha dejado de ser "su propio tiempo pasado" en un escenario sociocultural fundado, tanto en formas de memoria fosilizada al servicio de la voluntad de dominios de la Modernidad como en una preterofobia que estimula un presentismo acritico, se invita a articular una memoria que se caracteriza como pascual y consideraba, esto es, un recordar significativo y respetuoso de la alteridad pasada y presente, capaz de sensibilizar a los sujetos, acerca de su particularidad y problemático "nuestro tiempo", en orden a la toma de conciencia por parte de los mismos, de la viabilidad de intervenirlo a la luz de la experiencia de los propios muertos. 
759 |a PP160 
773 0 |t Revista PRELAC  |w 041234 
900 |a PENSAMIENTO EDUCATIVO-28/01 
942 |c REVA 
952 |0 0  |1 0  |4 0  |6 PENSAMIENTO_EDUCATIVO28_01_000000000000000  |7 0  |8 General  |9 69161  |a BC  |b BC  |c General  |d 2017-08-03  |l 0  |o PENSAMIENTO EDUCATIVO-28/01  |p FICTICIO4920  |r 2019-01-08 00:00:00  |t 1  |w 2017-08-03  |y REVA 
999 |c 36440  |d 36440